| 000 | 00506nam a22001937a 4500 | ||
|---|---|---|---|
| 003 | OSt | ||
| 005 | 20151130193348.0 | ||
| 008 | 151130b xxu||||| |||| 00| 0 eng d | ||
| 020 | _a0415177758 | ||
| 040 | _cDDC. | ||
| 082 | _a373HAR 1998; | ||
| 100 |
_aHargeaves H.David. _96432 |
||
| 245 | _aSocial Relations In a Secondary School. | ||
| 260 |
_aLondon. _bRoutledge. _c1998. |
||
| 300 |
_axii,226p; _bill; _c23cm. |
||
| 504 | _aincludes Index. | ||
| 650 |
_aSocial relations. _96384 |
||
| 942 |
_2ddc _cSLOAN |
||
| 999 |
_c2771 _d2771 |
||